Word Ladder: How Do You Like Them Apples Quiz Stats

 Plays Quiz Updated Aug 25, 2018

Score 0/13 Timer 02:00
1 Play Today
Clue 4-Letter Answer % Correct
🍎 Ferrell or Smith, for example 🍎🍎 WILL 🍎
96.9%
A clue to an answerHINT
94.6%
A unit of beerPINT
94.6%
Surname for Benny, Anita or FaithHILL
94.6%
🍎 Chase for the purpose of killing 🍎🍎 HUNT 🍎
94%
A type of kick in American footballPUNT
93.3%
Handle of a swordHILT
92.5%
Material from a treeWOOD
87.4%
🍎 Moral and virtuous 🍎🍎 GOOD 🍎
82.9%
A variety of colorTINT
82%
Minnesota's hockey teamWILD
80.6%
🍎 A high, clear ringing sound 🍎🍎 TING 🍎
75.2%
Elevated tract of open countryWOLD
73.8%

Today's Daily Dose

You're not logged in!

Compare scores with friends on all Sporcle quizzes.
OR
Log In

Sporcle TV

Today on Sporcle TV


Watch our educational content, quiz creation guides, and fun videos on Sporcle TV.

Show Comments

Extras

Top Quizzes Today


Score Distribution

Your Account Isn't Verified!

In order to create a playlist on Sporcle, you need to verify the email address you used during registration. Go to your Sporcle Settings to finish the process.

Report this User

Report this user for behavior that violates our Community Guidelines.

Details: